000 00781cab a22001815a 4500
001 L158795
008 150723e2015 xxk 000 0 eng d
035 _a(Sirsi) u158795
041 0 _aeng
100 1 _aLown, Matthew
245 0 0 _aGoing rate
_h[electronic resource]
490 _aRICS Building Surveying Journal
_vJuly 2015- August 2015, 16-17 (2)
520 _aReviews the latest government plans to make buildings more energy efficient and outlines how building surveyors can help to achieve this goal.
650 2 4 _aENVIRONMENTAL AND LAND CONSULTANCY-ENERGY-ENERGY USE-ENERGY EFFICIENCY
651 4 _aUnited Kingdom
_y
856 4 0 _uhttps://www.rics.org/Global/Building_Surveying_Journal_July_August_2015.pdf
_zView the article free of charge at www.rics.org
942 _n0
999 _c84702
_d84702